01001nam a2200217 a 450000100100000000500170001000800410002702000180006804000250008608200190011110000280013024501460015826000390030430000170034350000600036050400730042050400330049395201170052695201230064399900170076600004433220201002045311.0140617s2008 dr 000 0 spa d a9789945130997 aDO-SdBNPbspacBNPHU axxxxxxbxxxxxx1 aSánchez, Susana9213510aQuisqueya cuenta su historia y celebra su fe :bPuerto Plata y Samaná cunas del protestantismo dominicano y caribeño /cSusana Sánchez. aSanto Domingo :bMediabyte,c2008. av. ;c23 cm. aIncluye datos biográficos de la autora en las solapas aIncluye referencias bibliográficas y notas al pie de las páginas aBibliografías : p. 449-463 0010718PDaPDbPDcHDd2014-06-17iLF1l0oxxxxxx xxxxxxp44332-10r2020-06-25w2020-06-25yLFPDZNo se presta 0010718PDaPDbPDcHDd2014-06-17iLF1l0oxxxxxx xxxxxxp44332-20r2020-06-25te. 2w2020-06-25yLFPDZNo se presta c43821d43821